| 000 | 00567nac a22001691u 4500 | ||
|---|---|---|---|
| 008 | 100902t1979 -us|||||r|||| 001 0 eng d | ||
| 010 | _a77076183 | ||
| 020 |
_a0520034821 _a0520036611 |
||
| 082 | 0 | 0 |
_a621.483 _bNER _222 |
| 100 |
_aNero, Anthony V. _917806 |
||
| 245 | 1 | 2 |
_aA Guidebook to Nuclear Reactors / _cAnthony V. Nero |
| 260 |
_aBerkeley : _bUniversity of California Press, _cc1979. |
||
| 300 |
_axiii, 289 p. : _bill. ; _c29 cm. |
||
| 504 | _aIncludes bibliographies and index. | ||
| 650 | 0 |
_aNuclear reactors. _917807 |
|
| 942 |
_cBB _k621.483 NER _2ddc |
||
| 999 |
_c1638 _d1638 |
||